| 000 | 00490nam a22001817a 4500 | ||
|---|---|---|---|
| 005 | 20251108172339.0 | ||
| 008 | 250721s1983 xx 000 0 ara d | ||
| 082 | 1 | 4 | _a920.5/بير |
| 245 | 1 | 0 | _aمذكرات بيرم التونسي في المنفى / |
| 250 | _aط4 | ||
| 264 | 1 |
_aتونس : _bدار التونسية للنشر، _c1983. |
|
| 300 | _a117ص | ||
| 650 | 1 | 7 | _aالتراجم |
| 650 | 1 | 7 | _aالصحفيون |
| 650 | 1 | 7 | _aتونس |
| 942 |
_2ddc _cBK |
||
| 999 |
_c76867 _d76867 |
||